| 000 | 00655nam a2200217Ia 4500 | ||
|---|---|---|---|
| 005 | 20250508162239.0 | ||
| 008 | 008 250505s9999 xx 000 0 eng d | ||
| 020 | _a0-13-133165-5 | ||
| 037 | _aTextual | ||
| 040 |
_aFEDL _beng _cFEDL |
||
| 041 |
_aeng _2eng |
||
| 084 |
_a155.25, OCO _qFEDL |
||
| 100 |
_aO'Conell Vincent _9772638 |
||
| 245 | 0 | _aChoice and change: An introduction to the psychology of growth | |
| 260 |
_aEnglewood Cliffs, New Jersey, USA _bPrentice - Hall _c1974 |
||
| 300 | _axiv,476p | ||
| 650 | _aPersonality | ||
| 700 |
_a O'Connell April _9772639 |
||
| 942 |
_cTEXL _h155.25, OCO |
||
| 999 |
_c1375348 _d1375348 |
||